| 000 | 00602nam a2200217 i 4500 | ||
|---|---|---|---|
| 001 | 31720 | ||
| 003 | ES-MaACL | ||
| 005 | 20230906154430.0 | ||
| 007 | t| | ||
| 008 | 030130s1957 sp ||||1| spa d | ||
| 100 | 1 |
_aBaum, Vicki. _926577 |
|
| 245 | 1 | 4 |
_aLos contrabandistas / _cVicki Baum ; [traducción de José Clementi]. |
| 250 | _a[1ª ed.]. | ||
| 260 |
_aBarcelona : _bPlaneta, _c[1957] ( _fDiamante) |
||
| 300 |
_a283 p. ; _c19 cm. |
||
| 490 | 1 | _aLuyve | |
| 700 | 1 |
_aClementi, José. _939213 |
|
| 830 | 0 |
_aLuyve _9181395 |
|
| 852 |
_aES-MaACL _jC-14420 _bR.40744 |
||
| 999 |
_c31720 _d31720 |
||